| 000 | 01013cam a22002895a 4500 | ||
|---|---|---|---|
| 001 | 012698708 | ||
| 005 | 20180611132022.0 | ||
| 008 | 940525s1994 enkab fr 001 0 eng d | ||
| 015 |
_aGB9443888 _2bnb |
||
| 020 | _a1856750612 (pbk) | ||
| 020 | _a9781856750615 | ||
| 040 |
_aUk _beng _cUk _dEG-ScBUE |
||
| 082 | 0 | 4 |
_a333.7 _bGAI _222 |
| 245 | 0 | 4 |
_aThe Gaia atlas of planet management / _cgeneral editor, Norman Myers ; foreword by Gerald Durrell ; featuring an extra chapter by Oxfam. |
| 250 | _aRev. and extended ed. | ||
| 260 |
_aLondon : _bGaia Books Limited, _c1994. |
||
| 300 |
_a272 p. : _bill. (col.), maps ; _c29 cm. |
||
| 500 | _aPrevious ed.: Garden City, N.Y. : Anchor Press/Doubleday, 1984. | ||
| 500 | _aIncludes bibliographical references and index. | ||
| 650 | 7 |
_aEnvironmental policy. _2BUEsh |
|
| 651 | _2BUEsh | ||
| 653 |
_bGGEN _cJune2018 |
||
| 700 | 1 |
_aMyers, Norman, _eeditor. |
|
| 700 | 1 |
_aDurrell, Gerald, _eauthor of introduction, etc. _924034 |
|
| 710 | 2 | _aOxfam. | |
| 942 | _2ddc | ||
| 999 |
_c26790 _d26762 |
||